| 000 | 00661nam a2200253Ia 4500 | ||
|---|---|---|---|
| 008 | 160819s9999 xx 000 0 und d | ||
| 020 | _a1-84000-773-7 | ||
| 050 | _aCUL TX 817 | ||
| 050 | _b.S636V36 2004 | ||
| 100 | _aVan Straten, Michael. | ||
| 245 | _aSuper cool drinks / | ||
| 245 | _cMichael Van Straten. | ||
| 260 | _aGreat Britain : | ||
| 260 | _bMitchell Beazley, | ||
| 260 | _c2004 | ||
| 300 | _a128 pages : | ||
| 300 | _bcolor illustrations ; | ||
| 300 | _c24 cm. | ||
| 500 | _aIncludes index. | ||
| 650 | _aSmoothies (Beverages). | ||
| 650 | _aVegetable juices. | ||
| 650 | _xDetoxification (Health). | ||
| 650 | _xFruit juices. | ||
| 999 |
_c300743 _d300743 |
||